Pulutan:from the soldier's kitchen (Record no. 2378)

MARC details
000 -LEADER
fixed length control field 00568nam a22001937a 4500
003 - CONTROL NUMBER IDENTIFIER
control field URS
005 - DATE AND TIME OF LATEST TRANSACTION
control field 20220114142123.0
008 - FIXED-LENGTH DATA ELEMENTS--GENERAL INFORMATION
fixed length control field 200204s2007 ph a|||| |||| 00| 0 eng d
020 ## - INTERNATIONAL STANDARD BOOK NUMBER
International Standard Book Number 97897127
040 ## - CATALOGING SOURCE
Transcribing agency URS
Language of cataloging eng
Modifying agency rda
050 14 - LIBRARY OF CONGRESS CALL NUMBER
Classification number TX 837
Item number .C9573 2007
100 1# - MAIN ENTRY--PERSONAL NAME
Personal name Cruz,Elmer D.
245 10 - TITLE STATEMENT
Title Pulutan:from the soldier's kitchen
Remainder of title from the soldier's kitchen/
Statement of responsibility, etc. Elmer D. Cruz, Emerson R. Rosales
260 ## - PUBLICATION, DISTRIBUTION, ETC.
Place of publication, distribution, etc. Manila:
Name of publisher, distributor, etc. Anvil;
Date of publication, distribution, etc. [2007]
300 ## - PHYSICAL DESCRIPTION
Extent xvii 133 pages:
Other physical details with Illustration;
Dimensions 21 cm.
650 ## - SUBJECT ADDED ENTRY--TOPICAL TERM
Topical term or geographic name entry element Recipe
700 ## - ADDED ENTRY--PERSONAL NAME
Personal name Rosales,Emerson R.
942 ## - ADDED ENTRY ELEMENTS (KOHA)
Source of classification or shelving scheme Library of Congress Classification
Koha item type Filipiniana
Holdings
Withdrawn status Source of classification or shelving scheme Damaged status Not for loan Collection code Home library Current library Shelving location Date acquired Total Checkouts Full call number Barcode Date last seen Price effective from Koha item type
  Library of Congress Classification     Non-fiction Cainta College Library Cainta College Library On Display 10/25/2017   TX 837.C9573 2007 URSCAI-3219 10/25/2017 10/25/2017 Filipiniana

University of Rizal System
Email us at univlibservices@urs.edu.ph

Visit our Website www.urs.edu.ph/library